[Event "Muensterland Regionalliga 1617"]
[Site "Germany"]
[Date "2016.11.19"]
[Round "3.6"]
[White "Reckzuegel, Philipp"]
[Black "Kornick, Ulrich"]
[Result "1-0"]
[WhiteElo "1914"]
[BlackElo "1913"]
[PlyCount "61"]
[EventDate "2016.09.17"]
[EventType "team"]
[EventRounds "9"]
[EventCountry "GER"]
[SourceTitle "EXT 2018"]
[Source "ChessBase"]
[SourceDate "2017.10.13"]
[SourceVersion "1"]
[SourceVersionDate "2017.10.13"]
[SourceQuality "1"]
[WhiteTeam "Gronau"]
[BlackTeam "Rheine Klein Berlin"]
[WhiteTeamCountry "GER"]
[BlackTeamCountry "GER"]

1. Nf3 d5 2. d4 Bf5 3. e3 Nf6 4. c4 c6 5. Nc3 e6 6. Bd3 Ne4 7. Qc2 Bb4 8. 0-0 Bxc3 9. bxc3 0-0 10. a4 Nd7 11. Ba3 Re8 12. Rfc1 Ndf6 13. Ne5 Nd6 14. Bxf5 Nxf5 15. Rab1 Qc7 16. cxd5 cxd5 17. Qb3 Reb8 18. c4 Qd8 19. cxd5 exd5 20. Qc2 Ne4 21. Qc7 Qxc7 22. Rxc7 Nd2 23. Rbxb7 f6 24. Nc6 Rxb7 25. Rxb7 Rc8 26. Nxa7 Rc4 27. Rb4 Kf7 28. Rxc4 dxc4 29. Nb5 Ne7 30. Bb4 Nb1 31. Nd6+ 1-0

[Event "Muensterland Regionalliga 1516"]
[Site "Germany"]
[Date "2015.09.26"]
[Round "2.7"]
[White "Kornick, Ulrich"]
[Black "Reckzuegel, Philipp"]
[Result "1/2-1/2"]
[WhiteElo "1930"]
[BlackElo "1890"]
[PlyCount "166"]
[EventDate "2015.09.05"]
[EventType "team"]
[EventRounds "9"]
[EventCountry "GER"]
[SourceTitle "EXT 2017"]
[Source "ChessBase"]
[SourceDate "2016.10.25"]
[SourceVersion "1"]
[SourceVersionDate "2016.10.25"]
[SourceQuality "1"]
[WhiteTeam "Rheine Klein Berlin"]
[BlackTeam "Gronau"]
[WhiteTeamCountry "GER"]
[BlackTeamCountry "GER"]

1. d4 Nf6 2. Nf3 d5 3. c4 e6 4. Nc3 c6 5. Bg5 Nbd7 6. a3 Be7 7. e3 0-0 8. Rc1 b6 9. Bd3 Bb7 10. Qe2 Rc8 11. cxd5 cxd5 12. 0-0 h6 13. Bf4 Ne4 14. Nb5 a6 15. Na7 Rxc1 16. Rxc1 Qa8 17. Bxa6 Qxa7 18. Bxb7 g5 19. Rc7 gxf4 20. Rxd7 Bd6 21. Qa6 Qxa6 22. Bxa6 Ra8 23. Bd3 Rc8 24. g3 fxe3 25. fxe3 Bc7 26. Ba6 Ra8 27. Bb7 Ra7 28. Rxc7 Nd6 29. Rc6 Nxb7 30. Rxb6 Na5 31. Ne5 Rc7 32. b4 Nc4 33. Rb8+ Kg7 34. b5 Nxa3 35. b6 Rc1+ 36. Kf2 Rb1 37. Nd3 Nc4 38. b7 Nd6 39. Nc5 Rb5 40. Kf3 Kf6 41. h4 e5 42. Rd8 Nxb7 43. Nxb7 Rxb7 44. Rd6+ Kg7 45. dxe5 Rb5 46. h5 Ra5 47. Kf4 Ra4+ 48. Kf3 Ra5 49. Rd7 Kf8 50. Kf4 Kg8 51. Rd6 Kg7 52. e6 fxe6 53. Rxe6 d4 54. exd4 Rxh5 55. Re5 Rh1 56. Rf5 Kg6 57. Ra5 Rf1+ 58. Kg4 Rd1 59. Ra6+ Kg7 60. Rd6 Rd3 61. d5 Kf7 62. Kh4 Ke7 63. Re6+ Kf7 64. Re5 Kf6 65. Rh5 Kg6 66. g4 Kg7 67. Re5 Kg6 68. Re6+ Kf7 69. Rd6 Ke7 70. Rxh6 Rxd5 71. Rh5 Rd8 72. Rf5 Ke6 73. Kg5 Rg8+ 74. Kf4 Ra8 75. Re5+ Kf6 76. g5+ Kg6 77. Re6+ Kg7 78. Rb6 Ra7 79. Kf5 Ra5+ 80. Kg4 Ra7 81. Kh5 Rc7 82. Rg6+ Kh7 83. Re6 Kg7 1/2-1/2

[Event "Muensterland Regionalliga 1415"]
[Site "Germany"]
[Date "2015.04.25"]
[Round "8.7"]
[White "Kornick, Ulrich"]
[Black "Janning, Rainer"]
[Result "1-0"]
[WhiteElo "1926"]
[BlackElo "1883"]
[PlyCount "109"]
[EventDate "2014.09.20"]
[EventType "team-tourn"]
[EventRounds "9"]
[EventCountry "GER"]
[SourceTitle "EXT 2016"]
[Source "ChessBase"]
[SourceDate "2015.10.08"]
[SourceVersion "1"]
[SourceVersionDate "2015.10.08"]
[SourceQuality "1"]
[WhiteTeam "Rheine Klein Berlin"]
[BlackTeam "Steinfurt"]
[WhiteTeamCountry "GER"]
[BlackTeamCountry "GER"]

1. d4 d5 2. c4 e6 3. Nc3 Nf6 4. Bg5 Nbd7 5. e3 c6 6. a3 a5 7. Nf3 Be7 8. Bd3 dxc4 9. Bxc4 0-0 10. 0-0 b5 11. Bd3 Bb7 12. e4 b4 13. Na4 c5 14. e5 Nd5 15. Bxe7 Qxe7 16. dxc5 Rac8 17. Nd4 Qg5 18. c6 Bxc6 19. Nxc6 Rxc6 20. Bb5 Rc7 21. Bxd7 Rxd7 22. Nc5 Nf4 23. Qf3 Rd5 24. g3 Ng6 25. axb4 axb4 26. Nd3 Nxe5 27. Nxe5 Qxe5 28. Qb3 Rd2 29. Qxb4 Rxb2 30. Qe7 Qd4 31. Rad1 Rd2 32. Rb1 g6 33. Rb7 Rd1 34. Rxd1 Qxd1+ 35. Kg2 Qd5+ 36. Kg1 Qf3 37. Rd7 Qf5 38. Rd8 Rxd8 39. Qxd8+ Kg7 40. Qd4+ Qf6 41. Qe4 Qe7 42. Qe5+ f6 43. Qe3 Qd7 44. Kf1 Qd1+ 45. Kg2 Qd5+ 46. Kg1 e5 47. h4 Qd4 48. Qa3 Qd1+ 49. Kg2 Qd5+ 50. Kf1 Qd7 51. Qe3 Qb7 52. Kg1 Kf7 53. Qc3 Ke6 54. Qc4+ Kf5 55. g4# 1-0

[Event "Muensterland Verbandsklasse-B 0910"]
[Site "Germany"]
[Date "2009.11.21"]
[Round "3.3"]
[White "Kornick, Ulrich"]
[Black "Thesing, Michael"]
[Result "1-0"]
[WhiteElo "1843"]
[BlackElo "1889"]
[PlyCount "75"]
[EventDate "2009.09.19"]
[EventType "team-tourn"]
[EventRounds "9"]
[EventCountry "GER"]
[SourceTitle "EXT 2011"]
[Source "ChessBase"]
[SourceDate "2010.11.26"]
[SourceVersion "1"]
[SourceVersionDate "2010.11.26"]
[SourceQuality "1"]
[WhiteTeam "Rheine Klein Berlin II"]
[BlackTeam "Suedlohn II"]
[WhiteTeamCountry "GER"]
[BlackTeamCountry "GER"]

1. d4 Nf6 2. b3 e6 3. Nf3 b6 4. Bb2 Bb7 5. e3 Be7 6. Bd3 0-0 7. 0-0 d6 8. Nbd2 c5 9. e4 cxd4 10. Nxd4 Nbd7 11. f4 Nc5 12. Qe2 Nxd3 13. Qxd3 d5 14. e5 Ne4 15. f5 exf5 16. Rxf5 g6 17. Rff1 Rc8 18. N2f3 Qc7 19. Rac1 a6 20. c4 dxc4 21. Rxc4 Nc5 22. Qe3 Bd5 23. Rc3 Qb7 24. Rfc1 a5 25. Nb5 Qd7 26. Rd1 Rcd8 27. Nd6 Ba8 28. Ba3 Ne4 29. Rc4 Nxd6 30. Bxd6 Bxf3 31. Qxf3 Qe6 32. Qc6 Bxd6 33. exd6 Rfe8 34. Qxb6 Qe2 35. Rcc1 Qxa2 36. d7 Rf8 37. Qb5 Rb8 38. Qa4 1-0